000 00962nam a2200241 a 4500
001 000244471
003 AM-YeHGA
005 20250618071631.0
008 030708s1978 ai |||||||||||||||1|arm|d
040 _aAM-YeHGA
041 1 _aarm
_hrus
100 1 _aՄուքերջի, Դհան
245 1 0 _aՋունգլիներում :
_b[Վիպակներ] /
_cԴ. Մուքերջի ; Ռուս. թարգմ.՝ Վ. Արամյան ; Խմբ.՝ Ռ. Քալաշյան.
250 _a2-րդ հրատ.
260 _aԵրևան :
_bՍովետական գրող,
_c1978.
300 _a203 էջ ;
_c20 սմ.
505 0 _aԲովանդ.՝ Երիտասարդ որսորդ Հարին, Փղերի առաջնորդ Սիրդարը
650 1 0 _aՀնդկական գրականություն
_xՎիպակ
700 1 _aԱրամյան, Վալտեր Գևորգի,
_d1909-1994
_eթարգմ.
_4trl
_9975
700 1 _aՔալաշյան, Ռ.Հ.
_eխմբ.
_4edt
942 _2udc
_cBK
090 _c88252
999 _c86968
_d86968